Shattered Lands : Five Partitions and the Making of Modern Asia (Record no. 46463)
[ view plain ]
| 000 -LEADER | |
|---|---|
| fixed length control field | 00464nam a22001697a 4500 |
| 005 - DATE AND TIME OF LATEST TRANSACTION | |
| control field | 20250812123334.0 |
| 008 - FIXED-LENGTH DATA ELEMENTS--GENERAL INFORMATION | |
| fixed length control field | 250812b |||||||| |||| 00| 0 eng d |
| 020 ## - INTERNATIONAL STANDARD BOOK NUMBER | |
| International Standard Book Number | 9789369894628 |
| 041 ## - LANGUAGE CODE | |
| Language code of text/sound track or separate title | Eng |
| 082 ## - DEWEY DECIMAL CLASSIFICATION NUMBER | |
| Classification number | 813.6 DAL |
| 100 ## - MAIN ENTRY--PERSONAL NAME | |
| Author | Dalrymple, Sam |
| 245 ## - TITLE STATEMENT | |
| Title | Shattered Lands : Five Partitions and the Making of Modern Asia |
| 260 ## - PUBLICATION, DISTRIBUTION, ETC. | |
| Place | Gurugram |
| Publisher | HarperCollins |
| Publication Year | 2025 |
| 300 ## - PHYSICAL DESCRIPTION | |
| Extent | 536;. p. 22 cm |
| 650 ## - SUBJECT ADDED ENTRY--TOPICAL TERM | |
| Subject | Science Fction; Dystopias |
| 942 ## - ADDED ENTRY ELEMENTS (KOHA) | |
| Koha item type | Books |
| Withdrawn status | Lost status | Source of classification or shelving scheme | Damaged status | Not for loan | Home library | Current library | Shelving location | Accession Date | Vendor | Price | Bill number | Total Checkouts | Full call number | Barcode No | Date last seen | Date last checked out | Bill Date | Koha item type | Suggested By |
|---|---|---|---|---|---|---|---|---|---|---|---|---|---|---|---|---|---|---|---|
| Dewey Decimal Classification | IMTN | IMTN | Rack 38-A | 08/11/2025 | Amazon.in | 519.00 | MAA4-1831287 | 1 | 813.6 DAL | 33933 | 10/13/2025 | 08/12/2025 | 07/18/2025 | Books | Faculty Purchase by Dr. Jitendra Sharma |